Arequipa moderna y contemporánea I (Registro nro. 25475)

Detalles MARC
000 -Cabecera
Campo de control interno 00420nam a22001697a 4500
005 - Fecha y hora del registro
control field 20260417083937.0
008 - Elementos de Longitud Fija
fixed length control field 260417b |||||||| |||| 00| 0 spa d
020 ## - ISBN
ISBN 9786125035578
100 ## - AUTOR
Autor denominación Zeballos Velarde, Carlos
245 ## - TÍTULO DE MATERIAL BIBLIOGRÁFICO
Título Arequipa moderna y contemporánea I
260 ## - CIUDAD, EDITORIAL, AÑO
Ciudad :
Nombre de la Editorial ,
300 ## - DESCRIPCIÓN
N° Páginas 000 páginas :
Otros detalles ;
Dimensiones 00 cm.
440 ## - MENCIÓN DE SERIE
Título de la Serie ;
700 ## - OTROS AUTORES
Otros autores ;
942 ## - ELEMENTOS DE KOHA
Tipo de documento Libro
Nombre del creador Justo Noguera
Código de catalogador Justo Noguera
Suppress in OPAC No
Esquema de clasificación Dewey Decimal Classification
Existencias
Codigo completo Registro Colección Disponibilidad Biblioteca Actual Procedencia (Biblioteca) Fecha Ingreso Tipo de Adquisición Date last seen Total checkouts Price effective from Tipo de Item Estado del Material Fuente de Clasificación Damaged status Withdrawn status
  1088492 Universidad Católica San Pablo Disponible Víctor Andrés Belaunde Víctor Andrés Belaunde 17/04/2026 Donación 17/04/2026   17/04/2026 Libro Bueno Dewey Decimal Classification   Withdrawn